Microsoft Windows Xp Professional

Gespeichert in:
Bibliographische Detailangaben
1. Verfasser: Phạm Hoàng Dũng
Format: Buch
Sprache:Vietnamese
Veröffentlicht: Lao động xã hội 2002
Tags: Tag hinzufügen
Keine Tags, Fügen Sie den ersten Tag hinzu!
Thư viện lưu trữ: Mạng thư viện Đại học Đà Nẵng
LEADER 00639nam a2200277 4500
001 000026486
003 512
005 20150325120000.0
008 150325s vm 000 vie
020 |c 79,0000 
040 |a NOTTS 
100 |a Phạm Hoàng Dũng 
245 |a Microsoft Windows Xp Professional 
260 |b Lao động xã hội  |c 2002 
300 |a 582tr. ; 
OWN |a LTT 
999 |a From the UDN01 
TYP |a Monograph 
TYP |a Printed language 
980 |a Mạng thư viện Đại học Đà Nẵng